00357nam a2200121 a 4500001000400000003000500004005001700009008004100026040002000067100003900087245008900126260002000215854CDMR20130116135158.0130130s1975||||||||||||||||||||||||||||d aCDMRbcatcCDMR1 aPérez De Olaguer Moreno, Gonzalo13aEl Teatro Nacional de Barcelona en la prensa diariacGonzalo Perez de Olaguer Moreno aBarcelonac1975